| 000 | 00417nam a22001457a 4500 | ||
|---|---|---|---|
| 082 |
_a355 _bAID |
||
| 100 |
_aCommittee of the Crops of Royal Engineers. _949219 |
||
| 245 | _aAide-memoire to the military sciences. | ||
| 250 | _a2nd ed. | ||
| 260 |
_aLondon _bJhon weale, high holborn. _c1853 |
||
| 300 |
_aviii, 544 p. _bill. |
||
| 526 |
_a0 _b0 _c0 _d355_000000000000000_AID |
||
| 650 |
_aMCE _9379 |
||
| 942 |
_2ddc _cBK |
||
| 999 |
_c552030 _d552030 |
||